Pays qui ont le plus de médailles olympiques en équitation - Statistiques

Statistiques générales
  • Ce quiz a été pris 350 fois
    121 depuis la dernière actualisation
  • Le résultat moyen est 10 sur 14
Statistiques - réponses
Nombre de médailles Pays % Correct
45 France
100%
45 Royaume-Uni
95%
75 Allemagne
94%
55 États-Unis
94%
23 Italie
84%
14 Belgique
75%
24 Suisse
74%
7 Canada
73%
45 Suède
72%
15 Australie
68%
28 Pays-Bas
61%
7 Mexique
48%
10 Nouvelle-Zélande
31%
15 * URSS
20%
Aucun quiz correspondant
Distribution des résultats
% des personnes avec chaque résultat
Percentile par nombre de réponses
Votre historique - résultats
Vous n’avez pas pris ce quiz depuis la dernière actualisation